[Event "Ustron op-A"]
[Site "Ustron POL"]
[Date "2020.08.15"]
[Round "2.3"]
[White "Golubka, Petro"]
[Black "Kowalski, Igor"]
[Result "0-1"]
[WhiteElo "2495"]
[BlackElo "2366"]
[WhiteFideId "-1"]
[BlackFideId "-1"]
[PlyCount "98"]
[GameId "2130307594140381"]
[EventDate "2020.08.15"]
[EventType "swiss"]
[EventRounds "9"]
[EventCountry "POL"]
[SourceTitle "10 Days #625"]
[Source "ChessMix"]
[SourceDate "2020.09.01"]
[SourceVersion "1"]
[SourceVersionDate "2020.09.01"]
[SourceQuality "1"]

1. e4 e5 2. Nf3 Nc6 3. Bb5 a6 4. Ba4 Nf6 5. Bxc6 dxc6 6. d3 Nd7 7. Nbd2 g6 8. Nc4 Bg7 9. h4 h6 10. Bd2 Qe7 11. Qe2 b6 12. O-O-O a5 13. h5 g5 14. Ne3 Qe6 15. Kb1 Ba6 16. Nf5 Bf8 17. Qe1 c5 18. g3 O-O-O 19. Bc3 f6 20. Nh2 Nb8 21. f4 Nc6 22. fxe5 fxe5 23. Ng4 a4 24. Rf1 Kb8 25. Nfe3 Bg7 26. Nf5 Bf8 27. Nge3 Nd4 28. Rf2 Bc8 29. Qf1 Qe8 30. Qh1 Be6 31. Rdf1 b5 32. b3 axb3 33. axb3 Qc6 34. Kb2 c4 35. dxc4 bxc4 36. Nxd4 exd4 37. Bxd4 Ba3+ 38. Kxa3 Qd6+ 39. Ka2 Qxd4 40. Nxc4 Bxc4 41. bxc4 Qxc4+ 42. Kb2 Qb4+ 43. Kc1 Qa3+ 44. Kb1 Ka7 45. Rf3 Rb8+ 46. Rb3 Rxb3+ 47. cxb3 Qxb3+ 48. Kc1 Qc3+ 49. Kd1 Rd8+ 0-1

[Event "Ustron op-A"]
[Site "Ustron POL"]
[Date "2020.08.15"]
[Round "3.13"]
[White "Bakalarz, Mietek"]
[Black "Golubka, Petro"]
[Result "0-1"]
[WhiteElo "2263"]
[BlackElo "2495"]
[WhiteFideId "-1"]
[BlackFideId "-1"]
[PlyCount "96"]
[GameId "2130307594140423"]
[EventDate "2020.08.15"]
[EventType "swiss"]
[EventRounds "9"]
[EventCountry "POL"]
[SourceTitle "10 Days #625"]
[Source "ChessMix"]
[SourceDate "2020.09.01"]
[SourceVersion "1"]
[SourceVersionDate "2020.09.01"]
[SourceQuality "1"]

1. e4 c5 2. c3 e5 3. Nf3 Nc6 4. Bc4 Bd6 5. d4 cxd4 6. cxd4 Nf6 7. dxe5 Nxe5 8. Qxd6 Nxc4 9. Qd4 d5 10. e5 Ne4 11. O-O O-O 12. Nc3 Nxc3 13. Qxc3 Bg4 14. Re1 Rc8 15. Qd3 Qa5 16. Bf4 Nxb2 17. Qb3 Qc3 18. Re3 Nd3 19. Qxc3 Rxc3 20. h3 Bxf3 21. Rxf3 Nxf4 22. Rxf4 Rfc8 23. Rb4 Rc1+ 24. Rxc1 Rxc1+ 25. Kh2 b6 26. Rd4 Rc5 27. f4 f6 28. exf6 gxf6 29. f5 a5 30. a4 h5 31. Kg3 Kg7 32. Rd2 Kh6 33. h4 b5 34. axb5 Rxb5 35. Rd4 Kg7 36. Kf3 Kf7 37. Ke3 Ke7 38. g4 hxg4 39. h5 Rb3+ 40. Ke2 Kd6 41. Rxg4 Rh3 42. Ra4 Rxh5 43. Rxa5 Rxf5 44. Ra8 Rh5 45. Ke3 Re5+ 46. Kf4 d4 47. Ra6+ Kc5 48. Rxf6 Re1 0-1

[Event "Ustron op-A"]
[Site "Ustron POL"]
[Date "2020.08.16"]
[Round "4.6"]
[White "Golubka, Petro"]
[Black "Szpar, Milosz"]
[Result "0-1"]
[WhiteElo "2495"]
[BlackElo "2348"]
[WhiteFideId "-1"]
[BlackFideId "-1"]
[PlyCount "108"]
[GameId "2130307594140448"]
[EventDate "2020.08.15"]
[EventType "swiss"]
[EventRounds "9"]
[EventCountry "POL"]
[SourceTitle "10 Days #625"]
[Source "ChessMix"]
[SourceDate "2020.09.01"]
[SourceVersion "1"]
[SourceVersionDate "2020.09.01"]
[SourceQuality "1"]

1. g4 d5 2. h3 e5 3. d3 h5 4. g5 Ne7 5. Bg2 Ng6 6. c4 dxc4 7. Qa4+ c6 8. Qxc4 Be6 9. Qc2 Nh4 10. Be4 Be7 11. Nf3 Nxf3+ 12. Bxf3 Bxg5 13. Bxg5 Qxg5 14. h4 Qe7 15. Nc3 Na6 16. Ne4 Bd5 17. a3 Nc7 18. O-O-O Ne6 19. e3 g6 20. Qc3 Nc5 21. Ng5 f6 22. d4 fxg5 23. Bxd5 cxd5 24. dxc5 O-O-O 25. hxg5 Qxg5 26. c6 Qf6 27. cxb7+ Kxb7 28. Kb1 d4 29. Qa5 Rhe8 30. Rd3 Re6 31. Rc1 Rb6 32. Rb3 Rdd6 33. Qc5 Rdc6 34. Qd5 Qe6 35. Rxb6+ axb6 36. Qxe6 Rxe6 37. exd4 exd4 38. Rg1 Rf6 39. Rg2 Kc6 40. Kc2 Kd5 41. Kd3 Ke5 42. a4 Rd6 43. Rg3 Kf4 44. Kd2 h4 45. Ra3 d3 46. a5 bxa5 47. Ra4+ Kg5 48. Rxa5+ Kg4 49. Ra4+ Kh3 50. Re4 Rf6 51. f4 Rd6 52. b4 Kg3 53. b5 h3 54. Re3+ Kg2 0-1

[Event "Ustron op-A"]
[Site "Ustron POL"]
[Date "2020.08.17"]
[Round "5.13"]
[White "Godzwon, Iwo"]
[Black "Golubka, Petro"]
[Result "1/2-1/2"]
[WhiteElo "2347"]
[BlackElo "2495"]
[WhiteFideId "-1"]
[BlackFideId "-1"]
[PlyCount "97"]
[GameId "2130307594144583"]
[EventDate "2020.08.15"]
[EventType "swiss"]
[EventRounds "9"]
[EventCountry "POL"]
[SourceTitle "10 Days #625"]
[Source "ChessMix"]
[SourceDate "2020.09.01"]
[SourceVersion "1"]
[SourceVersionDate "2020.09.01"]
[SourceQuality "1"]

1. e4 c5 2. Nf3 d6 3. d4 cxd4 4. Nxd4 Nf6 5. Nc3 a6 6. Be3 Ng4 7. Bg5 h6 8. Bh4 g5 9. Bg3 Bg7 10. h3 Ne5 11. Nf5 Bxf5 12. exf5 Nbd7 13. Be2 Rc8 14. Nd5 h5 15. O-O h4 16. Bh2 Nf6 17. Bxe5 dxe5 18. Nxf6+ Bxf6 19. Qxd8+ Kxd8 20. Rfd1+ Kc7 21. c3 Rcd8 22. Bc4 Rhf8 23. Kf1 e4 24. Bd5 e3 25. fxe3 e6 26. fxe6 fxe6 27. Bf3 Rxd1+ 28. Rxd1 Rd8 29. Rxd8 Bxd8 30. Ke2 a5 31. Kd3 b6 32. Kc4 Be7 33. b4 Bf6 34. a3 Kd6 35. Bg4 axb4 36. cxb4 Bb2 37. a4 Bc1 38. Kd3 Ba3 39. a5 bxa5 40. bxa5 Bc5 41. a6 e5 42. Bf3 Kc7 43. Bb7 Kb6 44. Ke4 Ka7 45. Kf3 Bb6 46. e4 Bg1 47. Kg4 Be3 48. Kf5 Bf4 49. Kg4 1/2-1/2

[Event "Ustron op-A"]
[Site "Ustron POL"]
[Date "2020.08.18"]
[Round "6.14"]
[White "Golubka, Petro"]
[Black "Klimkowski, Jan"]
[Result "1-0"]
[WhiteElo "2495"]
[BlackElo "2165"]
[WhiteFideId "-1"]
[BlackFideId "-1"]
[PlyCount "41"]
[GameId "2130307594144616"]
[EventDate "2020.08.15"]
[EventType "swiss"]
[EventRounds "9"]
[EventCountry "POL"]
[SourceTitle "10 Days #625"]
[Source "ChessMix"]
[SourceDate "2020.09.01"]
[SourceVersion "1"]
[SourceVersionDate "2020.09.01"]
[SourceQuality "1"]

1. e4 c5 2. Nf3 d6 3. d4 cxd4 4. Nxd4 Nf6 5. Nc3 a6 6. Bg5 Nbd7 7. Bc4 Qb6 8. Bb3 e6 9. Qd2 Be7 10. O-O-O Nc5 11. Rhe1 Bd7 12. Nf5 exf5 13. exf5 O-O 14. Rxe7 Nxb3+ 15. axb3 Bc6 16. Bxf6 gxf6 17. Qh6 Qxf2 18. Re3 Qxf5 19. Rg3+ Qg6 20. Rxg6+ hxg6 21. Rd4 1-0

[Event "Ustron op-A"]
[Site "Ustron POL"]
[Date "2020.08.19"]
[Round "7.11"]
[White "Szustakowski, Antoni"]
[Black "Golubka, Petro"]
[Result "0-1"]
[WhiteElo "2295"]
[BlackElo "2495"]
[WhiteFideId "-1"]
[BlackFideId "-1"]
[PlyCount "130"]
[GameId "2130307594144643"]
[EventDate "2020.08.15"]
[EventType "swiss"]
[EventRounds "9"]
[EventCountry "POL"]
[SourceTitle "10 Days #625"]
[Source "ChessMix"]
[SourceDate "2020.09.01"]
[SourceVersion "1"]
[SourceVersionDate "2020.09.01"]
[SourceQuality "1"]

1. d4 f5 2. Nf3 e6 3. g3 Nf6 4. Bg2 Be7 5. O-O O-O 6. c4 c6 7. b3 Na6 8. Bb2 d5 9. Nbd2 Bd7 10. a3 Nc7 11. b4 a5 12. bxa5 Rxa5 13. Nb3 Ra7 14. Ne5 Be8 15. Nc5 Qa8 16. Qb3 Bh5 17. Rfe1 Rd8 18. Ncd3 Nd7 19. Nxd7 Rxd7 20. Ne5 Rd8 21. a4 Bf6 22. Bc3 dxc4 23. Qxc4 Nd5 24. Bb2 Bxe5 25. dxe5 b6 26. e4 fxe4 27. Bxe4 c5 28. Qc2 h6 29. f4 Be8 30. f5 Bxa4 31. Qe2 exf5 32. Bxf5 Ne7 33. Qc4+ Kh8 34. Bb1 Rd2 35. Be4 Bc6 36. Rxa7 Qxa7 37. Bc3 Qa2 38. Qf1 Bxe4 39. Bxd2 Bf5 40. Qf2 Qe6 41. Bc3 Bg6 42. Qf3 Nd5 43. Bb2 Kh7 44. Rd1 Bf7 45. Rf1 Bg6 46. Rd1 Nb4 47. Bc3 Qc4 48. Bxb4 cxb4 49. Qe3 Qc5 50. Qxc5 bxc5 51. Rd7 Be4 52. Rd6 b3 53. Rb6 c4 54. Kf2 Bc2 55. Ke3 c3 56. Kd4 b2 57. Kxc3 b1=Q 58. Rxb1 Bxb1 59. Kd4 Kg6 60. Kd5 Ba2+ 61. Kd6 Kf7 62. h3 Be6 63. h4 h5 64. Kc5 Kg6 65. Kd4 Kf5 0-1

[Event "Ustron op-A"]
[Site "Ustron POL"]
[Date "2020.08.20"]
[Round "8.3"]
[White "Golubka, Petro"]
[Black "Fus, Jakub"]
[Result "1/2-1/2"]
[WhiteElo "2495"]
[BlackElo "2370"]
[WhiteFideId "-1"]
[BlackFideId "-1"]
[PlyCount "77"]
[GameId "2130307594144666"]
[EventDate "2020.08.15"]
[EventType "swiss"]
[EventRounds "9"]
[EventCountry "POL"]
[SourceTitle "10 Days #625"]
[Source "ChessMix"]
[SourceDate "2020.09.01"]
[SourceVersion "1"]
[SourceVersionDate "2020.09.01"]
[SourceQuality "1"]

1. e4 e5 2. Nf3 Nc6 3. Bb5 a6 4. Ba4 d6 5. Bxc6+ bxc6 6. d4 f6 7. Nc3 Ne7 8. Be3 g6 9. Qd2 Bg7 10. Bh6 O-O 11. Bxg7 Kxg7 12. h3 exd4 13. Nxd4 c5 14. Nde2 Bb7 15. O-O Qd7 16. Nf4 Rae8 17. Rae1 Nc6 18. Ncd5 Ne5 19. f3 f5 20. b3 fxe4 21. fxe4 Rf7 22. Qc3 Kg8 23. Re2 Ref8 24. Ref2 g5 25. Qg3 h6 26. c4 Kh8 27. Nh5 Bxd5 28. cxd5 Qe8 29. Nf6 Qe7 30. Nh5 Qe8 31. Nf6 Qe7 32. Ng4 Rxf2 33. Rxf2 Rxf2 34. Nxf2 Kh7 35. Qc3 Qe8 36. Qa5 Qc8 37. Nd1 Qb7 38. Ne3 Qb6 39. Qc3 1/2-1/2

[Event "Ustron op-A"]
[Site "Ustron POL"]
[Date "2020.08.21"]
[Round "9.4"]
[White "Baum, Jonasz"]
[Black "Golubka, Petro"]
[Result "0-1"]
[WhiteElo "2352"]
[BlackElo "2495"]
[WhiteFideId "-1"]
[BlackFideId "-1"]
[PlyCount "118"]
[GameId "2130307594148794"]
[EventDate "2020.08.15"]
[EventType "swiss"]
[EventRounds "9"]
[EventCountry "POL"]
[SourceTitle "10 Days #625"]
[Source "ChessMix"]
[SourceDate "2020.09.01"]
[SourceVersion "1"]
[SourceVersionDate "2020.09.01"]
[SourceQuality "1"]

1. e4 Nf6 2. e5 Ng8 3. Nf3 e6 4. d4 b6 5. Bd3 Bb7 6. c4 Bb4+ 7. Bd2 Bxd2+ 8. Nbxd2 f5 9. b4 Nc6 10. a3 Nh6 11. h4 O-O 12. Qc2 Ng4 13. Qc3 Ne7 14. Nb3 Ng6 15. Qd2 h5 16. O-O-O a5 17. bxa5 Qe7 18. Kb2 Bc6 19. Ne1 Ba4 20. a6 c5 21. f3 Nh6 22. Qg5 Qf7 23. Nc2 Rxa6 24. Rhe1 Kh7 25. dxc5 Bxb3 26. Kxb3 bxc5 27. Kc3 Rb8 28. Qxh5 Nxe5 29. Qxf7 Nhxf7 30. Rb1 Rxb1 31. Rxb1 Nxd3 32. Kxd3 Ne5+ 33. Kc3 Ra4 34. Kb3 Ra7 35. Kc3 Kh6 36. Re1 Ng6 37. g3 Ne7 38. Kb3 Kg6 39. a4 Nc6 40. g4 Na5+ 41. Kc3 Rb7 42. gxf5+ Kxf5 43. Ne3+ Kf4 44. Kc2 Kxf3 45. Nd1 Nxc4 46. Kc3 Nd6 47. Nb2 Ne4+ 48. Kc2 d5 49. Rf1+ Ke3 50. a5 Ra7 51. Ra1 c4 52. h5 Kd4 53. Rg1 Rxa5 54. Rxg7 c3 55. Nd3 Ra2+ 56. Kb3 Rh2 57. Nf4 Nc5+ 58. Kb4 c2 59. Rg4 Nd3+ 0-1

[Event "Titled Tuesday 2020.08.04 Early"]
[Site "Chess.com INT"]
[Date "2020.08.04"]
[Round "3"]
[White "Tarini, Goyal"]
[Black "Golubka, Petro"]
[Result "0-1"]
[WhiteElo "2164"]
[BlackElo "2495"]
[WhiteFideId "-1"]
[BlackFideId "-1"]
[PlyCount "60"]
[GameId "1547685872820224"]
[EventDate "2020.08.04"]
[EventType "swiss (blitz)"]
[EventRounds "10"]
[EventCountry "NET"]
[SourceTitle "CBM 197 Extra"]
[Source "ChessBase"]
[SourceDate "2020.09.30"]
[SourceVersion "1"]
[SourceVersionDate "2020.09.30"]
[SourceQuality "1"]

1. d4 d5 2. c4 dxc4 3. e3 e6 4. Nf3 Nf6 5. Bxc4 c5 6. O-O a6 7. dxc5 Bxc5 8. Qxd8+ Kxd8 9. Nc3 Ke7 10. a3 b5 11. Be2 Bb7 12. Rd1 Nbd7 13. b4 Bd6 14. Bb2 Rhc8 15. Rd2 Nb6 16. Rad1 Rd8 17. Nd4 Be5 18. Na2 Ne4 19. Rc2 Na4 20. Ba1 Rac8 21. Rxc8 Rxc8 22. Bf3 Bd5 23. Bxe4 Bxe4 24. Nc1 Nc3 25. Bxc3 Rxc3 26. f3 Rxe3 27. Kf2 Rc3 28. Nce2 Rxa3 29. f4 Bxd4+ 30. Nxd4 Bd5 0-1

[Event "Titled Tuesday 2020.08.04 Early"]
[Site "Chess.com INT"]
[Date "2020.08.04"]
[Round "4"]
[White "Golubka, Petro"]
[Black "Poeta, Caio Medeiros"]
[Result "1-0"]
[WhiteElo "2495"]
[BlackElo "2088"]
[WhiteFideId "-1"]
[BlackFideId "-1"]
[PlyCount "29"]
[GameId "1547685873631232"]
[EventDate "2020.08.04"]
[EventType "swiss (blitz)"]
[EventRounds "10"]
[EventCountry "NET"]
[SourceTitle "CBM 197 Extra"]
[Source "ChessBase"]
[SourceDate "2020.09.30"]
[SourceVersion "1"]
[SourceVersionDate "2020.09.30"]
[SourceQuality "1"]

1. d4 d5 2. Nf3 Nf6 3. c4 dxc4 4. Nc3 a6 5. a4 c5 6. e3 cxd4 7. exd4 Bg4 8. Bxc4 e6 9. h3 Bh5 10. d5 exd5 11. Nxd5 Be7 12. O-O O-O 13. Re1 Nxd5 14. Qxd5 Nc6 15. Qxh5 1-0

[Event "Titled Tuesday 2020.08.04 Early"]
[Site "Chess.com INT"]
[Date "2020.08.04"]
[Round "5"]
[White "Topalov, Aleksandar"]
[Black "Golubka, Petro"]
[Result "1-0"]
[WhiteElo "2228"]
[BlackElo "2495"]
[WhiteFideId "-1"]
[BlackFideId "-1"]
[PlyCount "35"]
[GameId "1547685874851840"]
[EventDate "2020.08.04"]
[EventType "swiss (blitz)"]
[EventRounds "10"]
[EventCountry "NET"]
[SourceTitle "CBM 197 Extra"]
[Source "ChessBase"]
[SourceDate "2020.09.30"]
[SourceVersion "1"]
[SourceVersionDate "2020.09.30"]
[SourceQuality "1"]

1. b3 d5 2. Bb2 Nf6 3. Nf3 Nc6 4. e3 a6 5. c4 e6 6. Be2 Be7 7. O-O O-O 8. d4 Bd7 9. Nbd2 Re8 10. Rc1 Bf8 11. Qc2 Nb4 12. Qb1 a5 13. a3 Nc6 14. Rfd1 Qb8 15. Ne5 Be7 16. Nxd7 Rd8 17. Nxb8 Rd7 18. Nxd7 1-0

[Event "Titled Tuesday 2020.08.04 Early"]
[Site "Chess.com INT"]
[Date "2020.08.04"]
[Round "6"]
[White "Golubka, Petro"]
[Black "Chumpitaz Carbajal, Ann"]
[Result "0-1"]
[WhiteElo "2495"]
[BlackElo "2244"]
[WhiteFideId "-1"]
[BlackFideId "-1"]
[PlyCount "98"]
[GameId "1547685876772864"]
[EventDate "2020.08.04"]
[EventType "swiss (blitz)"]
[EventRounds "10"]
[EventCountry "NET"]
[SourceTitle "CBM 197 Extra"]
[Source "ChessBase"]
[SourceDate "2020.09.30"]
[SourceVersion "1"]
[SourceVersionDate "2020.09.30"]
[SourceQuality "1"]

1. d4 Nf6 2. c4 g6 3. Nc3 Bg7 4. e4 d6 5. Nf3 O-O 6. h3 e5 7. d5 c6 8. Be2 Na6 9. O-O Nc5 10. Nd2 a5 11. Qc2 Kh8 12. Nb3 Nxb3 13. axb3 c5 14. Kh1 Bd7 15. f4 exf4 16. Bxf4 Ne8 17. Qd2 Qe7 18. Bg5 Qe5 19. Bf4 Qe7 20. Bg5 Qe5 21. Rae1 b6 22. Bf4 Qe7 23. Bd3 Ra7 24. Ne2 Be5 25. Ng1 Bxf4 26. Qxf4 Kg7 27. Nf3 Nf6 28. e5 dxe5 29. Nxe5 Nh5 30. Qf3 Qd6 31. g4 Nf6 32. Kg2 Bc8 33. Qg3 Rc7 34. Nf3 Qxg3+ 35. Kxg3 Nd7 36. Ng5 h6 37. Ne4 Ne5 38. Nxc5 Nxd3 39. Nxd3 Rd8 40. Re4 Bb7 41. Rd4 Rd6 42. Nf2 b5 43. Ne4 Rd8 44. Nc3 bxc4 45. bxc4 Ba6 46. Rff4 Rb7 47. Rd2 Rb4 48. c5 Rbb8 49. c6 Rbc8 0-1

[Event "Titled Tuesday 2020.07.21"]
[Site "Chess.com INT"]
[Date "2020.07.21"]
[Round "5"]
[White "Golubka, Petro"]
[Black "Juarez Flores, Carlos Armando"]
[Result "0-1"]
[WhiteElo "2495"]
[BlackElo "2374"]
[WhiteFideId "-1"]
[BlackFideId "-1"]
[PlyCount "70"]
[GameId "1542636067282944"]
[EventDate "2020.07.21"]
[EventType "swiss (blitz)"]
[EventRounds "10"]
[EventCountry "NET"]
[SourceTitle "CBM 197 Extra"]
[Source "ChessBase"]
[SourceDate "2020.09.30"]
[SourceVersion "1"]
[SourceVersionDate "2020.09.30"]
[SourceQuality "1"]

1. d4 d5 2. Nf3 e6 3. c4 Nf6 4. Nc3 a6 5. cxd5 Nxd5 6. Bg5 Be7 7. Bd2 O-O 8. e4 Nxc3 9. bxc3 c5 10. Bd3 cxd4 11. cxd4 Nc6 12. Be3 Bb4+ 13. Ke2 b5 14. a4 bxa4 15. Qxa4 Bd7 16. Qc2 Rc8 17. Qa2 a5 18. Rhc1 Qe7 19. h4 e5 20. d5 Nd4+ 21. Nxd4 exd4 22. Bxd4 Qxh4 23. f3 Qg3 24. Rg1 Rc7 25. Bf2 Qg5 26. g3 Rfc8 27. Be3 Qg6 28. Bf4 Rc3 29. Be5 Rxd3 30. Kxd3 Bb5+ 31. Ke3 Bc5+ 32. Bd4 Bxd4+ 33. Kxd4 Qf6+ 34. Ke3 Rc3+ 35. Kd2 Qd4+ 0-1

[Event "Titled Tuesday 2020.07.21"]
[Site "Chess.com INT"]
[Date "2020.07.21"]
[Round "7"]
[White "Chumpitaz Carbajal, Ann"]
[Black "Golubka, Petro"]
[Result "0-1"]
[WhiteElo "2244"]
[BlackElo "2495"]
[WhiteFideId "-1"]
[BlackFideId "-1"]
[PlyCount "74"]
[GameId "1542636069048320"]
[EventDate "2020.07.21"]
[EventType "swiss (blitz)"]
[EventRounds "10"]
[EventCountry "NET"]
[SourceTitle "CBM 197 Extra"]
[Source "ChessBase"]
[SourceDate "2020.09.30"]
[SourceVersion "1"]
[SourceVersionDate "2020.09.30"]
[SourceQuality "1"]

1. d4 c5 2. c3 Nf6 3. Nf3 g6 4. Bf4 Bg7 5. e3 O-O 6. h3 d6 7. Be2 b6 8. Nbd2 Bb7 9. O-O Nbd7 10. Qa4 a6 11. Rac1 b5 12. Qc2 Rc8 13. Qd1 h6 14. a4 c4 15. b3 Nd5 16. bxc4 Nxf4 17. exf4 bxc4 18. Bxc4 Qc7 19. Bd3 e5 20. fxe5 dxe5 21. dxe5 Nc5 22. Bb1 Bxe5 23. Nxe5 Qxe5 24. Nf3 Bxf3 25. Qxf3 Nxa4 26. c4 Nc5 27. Rfe1 Qg5 28. Re3 Rfe8 29. Rce1 Rxe3 30. Qxe3 Qxe3 31. Rxe3 Kg7 32. Be4 Re8 33. Bd5 Rxe3 34. fxe3 a5 35. Bc6 a4 36. Bf3 a3 37. Bd1 a2 0-1

[Event "Titled Tuesday 2020.07.21"]
[Site "chess.com INT"]
[Date "2020.07.21"]
[Round "2"]
[White "Golubka, Petro"]
[Black "Amin, Bassem"]
[Result "0-1"]
[WhiteElo "2495"]
[BlackElo "2686"]
[WhiteFideId "-1"]
[BlackFideId "-1"]
[PlyCount "86"]
[GameId "2130307594692331"]
[EventDate "2020.07.21"]
[EventType "swiss"]
[EventRounds "10"]
[EventCountry "NET"]
[SourceTitle "10 Days #622"]
[Source "ChessMix"]
[SourceDate "2020.08.01"]
[SourceVersion "1"]
[SourceVersionDate "2020.08.01"]
[SourceQuality "1"]

1. e4 e5 2. Nf3 Nc6 3. Bb5 a6 4. Ba4 Nf6 5. O-O Be7 6. Re1 b5 7. Bb3 d6 8. c3 O-O 9. h3 Nb8 10. d4 Nbd7 11. Nbd2 Bb7 12. Bc2 Re8 13. Nf1 Bf8 14. Ng3 g6 15. a4 c5 16. d5 c4 17. Be3 Qc7 18. Qe2 Nc5 19. Ra2 Nfd7 20. Rea1 Nb6 21. axb5 axb5 22. Rxa8 Rxa8 23. Rxa8 Bxa8 24. h4 Nba4 25. Bxa4 Nxa4 26. h5 Bb7 27. Ng5 Bc8 28. f4 exf4 29. Bxf4 Nc5 30. hxg6 hxg6 31. Nf3 Nd3 32. Be3 Bg4 33. Bd4 Bh6 34. b4 Qe7 35. Qa2 Bxf3 36. gxf3 Qg5 37. Qa8+ Bf8 38. Kg2 Qd2+ 39. Kh3 Qh6+ 40. Kg2 Ne1+ 41. Kf2 Qd2+ 42. Ne2 Nd3+ 43. Kf1 Qe1+ 0-1

[Event "Titled Tuesday 2020.07.21"]
[Site "chess.com INT"]
[Date "2020.07.21"]
[Round "4"]
[White "Esipenko, Andrey"]
[Black "Golubka, Petro"]
[Result "1-0"]
[WhiteElo "2682"]
[BlackElo "2495"]
[WhiteFideId "-1"]
[BlackFideId "-1"]
[PlyCount "119"]
[GameId "2130307594709126"]
[EventDate "2020.07.21"]
[EventType "swiss"]
[EventRounds "10"]
[EventCountry "NET"]
[SourceTitle "10 Days #622"]
[Source "ChessMix"]
[SourceDate "2020.08.01"]
[SourceVersion "1"]
[SourceVersionDate "2020.08.01"]
[SourceQuality "1"]

1. c4 e5 2. Nc3 Nf6 3. Nf3 Nc6 4. e4 Bb4 5. d3 O-O 6. a3 Bxc3+ 7. bxc3 d6 8. g3 Ne7 9. Nh4 c6 10. f4 Ng6 11. Nxg6 hxg6 12. Bg2 Qb6 13. Qe2 Bg4 14. Qf2 Qa5 15. Bd2 Bd7 16. O-O Ng4 17. Qe2 f5 18. exf5 gxf5 19. h3 Nf6 20. fxe5 dxe5 21. Kh2 Rae8 22. Rab1 Bc8 23. Be3 f4 24. Bd2 Qxa3 25. gxf4 exf4 26. Qf2 g5 27. Bf3 Re7 28. Rg1 Rg7 29. c5 Qa5 30. c4 Qc7 31. Bc3 Qd7 32. Qf1 Rg6 33. Re1 Rf7 34. Bxf6 Rfxf6 35. Re5 Rf5 36. Rxf5 Qxf5 37. Be4 Qf6 38. Bxg6 Qxg6 39. Qxf4 gxf4 40. Rxg6+ Kf7 41. Rg1 Bf5 42. Ra1 Bxd3 43. Rxa7 Bxc4 44. Rxb7+ Kf6 45. Kg2 Bd5+ 46. Kf2 Ke5 47. h4 Kd4 48. h5 Kxc5 49. h6 Be4 50. Re7 Bb1 51. h7 Bxh7 52. Rxh7 Kd4 53. Rd7+ Ke5 54. Rc7 Kd6 55. Rc8 c5 56. Kf3 Kd5 57. Kxf4 Kd4 58. Rd8+ Kc3 59. Ke3 c4 60. Rc8 1-0

[Event "Titled Tuesday 2020.07.21"]
[Site "chess.com INT"]
[Date "2020.07.21"]
[Round "6"]
[White "Miroshnichenko, Pavel"]
[Black "Golubka, Petro"]
[Result "1-0"]
[WhiteElo "2239"]
[BlackElo "2495"]
[WhiteFideId "-1"]
[BlackFideId "-1"]
[PlyCount "113"]
[GameId "2130307594754658"]
[EventDate "2020.07.21"]
[EventType "swiss"]
[EventRounds "10"]
[EventCountry "NET"]
[SourceTitle "10 Days #622"]
[Source "ChessMix"]
[SourceDate "2020.08.01"]
[SourceVersion "1"]
[SourceVersionDate "2020.08.01"]
[SourceQuality "1"]

1. e4 d5 2. Nc3 dxe4 3. Nxe4 Qd5 4. Nc3 Qd8 5. d4 Nf6 6. Nf3 c6 7. Bc4 Bf5 8. h3 e6 9. Ne5 Nbd7 10. Bf4 Bb4 11. O-O O-O 12. a3 Bxc3 13. bxc3 Qa5 14. Nxd7 Nxd7 15. Bd6 Qxc3 16. Bxf8 Qxc4 17. Bd6 Bxc2 18. Qd2 Qd3 19. Qf4 Qf5 20. Qg3 Qg6 21. Rac1 Qxg3 22. Bxg3 Be4 23. Rc3 Bd5 24. f3 f6 25. Rb1 b6 26. a4 Kf7 27. Kf2 h5 28. Bd6 a6 29. a5 b5 30. Bb4 g5 31. Re1 Rc8 32. g4 hxg4 33. fxg4 e5 34. dxe5 Nxe5 35. Kg3 Nc4 36. Re7+ Kg6 37. Rc1 c5 38. Bc3 b4 39. Ba1 Nxa5 40. Rf1 Rc6 41. Rd7 Bf7 42. Re1 Re6 43. Rxe6 Bxe6 44. Rd6 Nb3 45. Bb2 Kf7 46. Rxa6 c4 47. Ra7+ Ke8 48. Rc7 c3 49. Bxc3 bxc3 50. Rxc3 Kf7 51. h4 gxh4+ 52. Kxh4 Nd4 53. Rd3 Nc6 54. Rf3 Ne5 55. Rg3 Kg6 56. g5 f5 57. Re3 1-0

[Event "Titled Tuesday 2020.07.21"]
[Site "chess.com INT"]
[Date "2020.07.21"]
[Round "8"]
[White "Golubka, Petro"]
[Black "Chernomordik, Pavel"]
[Result "1-0"]
[WhiteElo "2495"]
[BlackElo "2218"]
[WhiteFideId "-1"]
[BlackFideId "-1"]
[PlyCount "63"]
[GameId "2130307594767275"]
[EventDate "2020.07.21"]
[EventType "swiss"]
[EventRounds "10"]
[EventCountry "NET"]
[SourceTitle "10 Days #622"]
[Source "ChessMix"]
[SourceDate "2020.08.01"]
[SourceVersion "1"]
[SourceVersionDate "2020.08.01"]
[SourceQuality "1"]

1. g4 d6 2. h3 e5 3. Bg2 Ne7 4. d4 exd4 5. Nf3 Ng6 6. Qxd4 Nc6 7. Qe4+ Be7 8. Nc3 O-O 9. Nd5 f5 10. Qc4 Kh8 11. g5 Be6 12. h4 Nce5 13. Qd4 Nxf3+ 14. Bxf3 Ne5 15. Bf4 Nxf3+ 16. exf3 c5 17. Qd2 Bxd5 18. Qxd5 Qb6 19. O-O-O Rad8 20. Rde1 Rd7 21. h5 Qb4 22. Bd2 Qd4 23. Qe6 Rc7 24. h6 c4 25. hxg7+ Qxg7 26. f4 c3 27. Bxc3 Rxc3 28. bxc3 Qxc3 29. Qxe7 Qa1+ 30. Kd2 Qd4+ 31. Ke2 Qc4+ 32. Kf3 1-0

[Event "Titled Tuesday 2020.07.21"]
[Site "chess.com INT"]
[Date "2020.07.21"]
[Round "9"]
[White "Maiti, Milind"]
[Black "Golubka, Petro"]
[Result "0-1"]
[WhiteElo "2068"]
[BlackElo "2495"]
[WhiteFideId "-1"]
[BlackFideId "-1"]
[PlyCount "66"]
[GameId "2130307594779768"]
[EventDate "2020.07.21"]
[EventType "swiss"]
[EventRounds "10"]
[EventCountry "NET"]
[SourceTitle "10 Days #622"]
[Source "ChessMix"]
[SourceDate "2020.08.01"]
[SourceVersion "1"]
[SourceVersionDate "2020.08.01"]
[SourceQuality "1"]

1. e4 d5 2. exd5 Nf6 3. d4 Nxd5 4. Nf3 g6 5. Be2 Bg7 6. O-O O-O 7. c4 Nb6 8. h3 Nc6 9. Be3 f5 10. c5 Nd5 11. Bc4 Kh8 12. Bg5 h6 13. Bd2 Be6 14. Na3 Qd7 15. Re1 a6 16. Bb3 Bg8 17. Nc4 Qe8 18. Nce5 Rd8 19. Qc1 g5 20. Nxc6 Qxc6 21. Ne5 Qf6 22. Re2 c6 23. Qe1 Nc7 24. Bxg8 Kxg8 25. Bc3 Nd5 26. Rd1 Rfe8 27. Nf3 Nf4 28. Red2 Qg6 29. Ne5 Bxe5 30. Qxe5 Qf6 31. Re1 Qxe5 32. dxe5 Rxd2 33. Bxd2 Nd3 0-1